Premisy finančného plánovania
Premisy plánovacieho procesu sú vo svojej podstate predpoklady, domnienky o budúcej podobe externého a interného prostredia podniku. V príspevku je kladený dôraz na využitie plánovacích premís v procese tvorby finančného plánu podniku. Kvalita zostaveného finančného plánu podniku do veľkej miery záv...
Salvato in:
| Autore principale: | |
|---|---|
| Natura: | Capitolo di libro |
| Lingua: | slovacco |
| Soggetti: | |
| Tags: |
Nessun Tag, puoi essere il primo ad aggiungerne!!
|
MARC
| LEADER | 00000naa$a2200000$$$4500 | ||
|---|---|---|---|
| 001 | 0234761 | ||
| 005 | 20240502073815.2 | ||
| 041 | 0 | |a slo | |
| 044 | |a SK | ||
| 245 | 1 | 0 | |a Premisy finančného plánovania |c Alena Tóthová |
| 520 | |a Premisy plánovacieho procesu sú vo svojej podstate predpoklady, domnienky o budúcej podobe externého a interného prostredia podniku. V príspevku je kladený dôraz na využitie plánovacích premís v procese tvorby finančného plánu podniku. Kvalita zostaveného finančného plánu podniku do veľkej miery závisí od aktuálnosti, teda spoľahlivosti plánovacích premís. | ||
| 610 | 2 | 0 | |a plánovanie finančné |
| 610 | 2 | 0 | |a plán finančný |
| 610 | 2 | 0 | |a prostredie podnikové |
| 610 | 2 | 0 | |a stratégia podniková |
| 610 | 2 | 0 | |a koncepcie |
| 610 | 2 | 0 | |a metóda BSC |
| 100 | 1 | |a Tóthová, Alena, 1968- | |